Sports Quiz

Random Sports or Clickable Quiz

English Europa League Clubs (Redux) Quiz Stats

 Plays Quiz not verified by Sporcle

Support Sporcle.
Go Orange.
Score 0/17 Timer 02:30
0 Plays Today
% Correct
???
90.2%
???
68.7%
???
64.5%
???
63.7%
???
56.4%
???
50.7%
???
50.5%
???
46.8%
???
40.4%
% Correct
???
39.5%
???
28.2%
???
24.3%
???
23%
???
20.6%
???
20.5%
???
20.4%
???
15.9%

You're not logged in!

Compare scores with friends on all Sporcle quizzes.
OR
Log In

From the Vault

Don't Stop Believin' Clicky-oke

by TheZizz

It's totally okay to sing along as you take this quiz.
Remove Ads.
Support Sporcle.
Get the best of Sporcle when you Go Orange. This ad-free experience offers more features, more stats, and more fun while also helping to support Sporcle. Thank you for becoming a member.

Show Comments

Extras

Top Quizzes Today


Score Distribution

Your Account Isn't Verified!

In order to create a playlist on Sporcle, you need to verify the email address you used during registration. Go to your Sporcle Settings to finish the process.

Report this User

Report this user for behavior that violates our Community Guidelines.

Details: